000
00248nam a22001097a 4500
008
131217t xxu||||| |||| 00| 0 eng d
020
_a
0-00-616803-5
100
_a
Agatha Christie
_9
426
245
_a
Dead Man's Folly
300
_a
340
942
_2
ddc
_c
BK
999
_c
16698
_d
16698